| 000 | 00661nam a2200217 i 4500 | ||
|---|---|---|---|
| 001 | 61210 | ||
| 003 | ES-MaACL | ||
| 005 | 20230906164411.0 | ||
| 007 | t| | ||
| 008 | 031111s1958 sp ||||1| spa d | ||
| 100 | 1 |
_aEvans, Charles. _948351 |
|
| 245 | 1 | 0 |
_aKangchenjunga _b: el pico no hollado / _cCharles Evans ; [traducción de Francisco Maclennan Aguirre]. |
| 250 | _a[1ª ed.]. | ||
| 260 |
_aBarcelona : _bJuventud, _c1958 ( _fAtenas) |
||
| 300 |
_a223 p., 8 lám. ; _c22 cm. |
||
| 490 | 1 | _aEdelweix | |
| 700 | 1 |
_aMaclennan Aguirre, Francisco. _975263 |
|
| 830 | 0 |
_aEdelweix _9182829 |
|
| 852 |
_aES-MaACL _jC-15822 _bR.43896 |
||
| 999 |
_c61210 _d61210 |
||